Statistics for Groups of Two- History

Click here to take the quiz!

General Stats

  • This quiz has been taken 3,328 times
    (2,340 since last reset)
  • The average score is 22 of 36

Answer Stats

ClueAnswer% Correct
German Cold War CapitalsBerlin
92%
Japanese Cities hit by Atomic BombsHiroshima
92%
WWII US PresidentsFranklin D. Roosevelt
91%
Nagasaki
90%
Greatest Greek City-StatesAthens
88%
Homer's Epic Poems*Iliad
88%
Founders of Rome*Romulus
85%
Remus
84%
Major Indian Independence LeadersMohandas Gandhi
83%
Sparta
80%
Greatest Mongol KhansGenghis
79%
Harry Truman
78%
Odyssey
76%
Islands Napoleon was Exiled toElba
70%
The Wright BrothersOrville
70%
Wars of the Roses HousesYork
68%
Lancaster
67%
Kublai
63%
Bonn
62%
Wilbur
60%
Ethiopia
58%
St. Helena
56%
Uncolonized African CountriesLiberia
53%
Hebrew Kingdoms, c. 800 BCIsrael
51%
Babylon
50%
Famous Viking ExplorersEric the Red
47%
Judah
45%
Concord
42%
First US Revolution BattlesLexington
42%
Richmond
42%
Leif Ericson
39%
Iron-Age Mesopotamian EmpiresAssyria
35%
Jawaharlal Nehru
29%
David Lloyd George
25%
CSA CapitalsMontgomery
18%
WWI UK Prime MinistersH. H. Asquith
14%

Score Distribution

Percentile by Number Answered

Percent of People with Each Score

Your Score History

You have not taken this quiz since the last reset